Central Library OPAC University of Rajshahi

The edge of objectivity : (Record no. 7243)

MARC details
000 -LEADER
fixed length control field 00901cam a2200289 4500
001 - CONTROL NUMBER
control field 7243
003 - CONTROL NUMBER IDENTIFIER
rucl marc code BD-RjUL
005 - DATE AND TIME OF LATEST TRANSACTION
control field 20211208234402.0
008 - FIXED-LENGTH DATA ELEMENTS--GENERAL INFORMATION
fixed length control field 140113s1960 nyu 001 0 eng
020 ## - INTERNATIONAL STANDARD BOOK NUMBER
International Standard Book Number 0691023506 (pbk.)
International Standard Book Number 0691079528 (hardcover)
035 ## - SYSTEM CONTROL NUMBER
System control number (OCoLC)964789
System control number (BD-RjUL)
040 ## - CATALOGING SOURCE
Transcribing agency CSt
Modifying agency UPB
-- CStRLIN
Original cataloging agency BD-RjUL
Language of cataloging eng
041 ## - LANGUAGE CODE
Language code of text/sound track or separate title eng
082 00 - DEWEY DECIMAL CLASSIFICATION NUMBER
Edition number 21
Classification number 509
Author mark and year GIE 1970
100 1# - MAIN ENTRY--PERSONAL NAME
Personal name Gillispie, Charles Coulston.
9 (RLIN) 22634
245 14 - TITLE STATEMENT
Title The edge of objectivity :
Remainder of title an essay in the history of scientific ideas.
Statement of responsibility, etc. by Charles Coulston Gillispie.
260 ## - PUBLICATION, DISTRIBUTION, ETC. (IMPRINT)
Place of publication, distribution, etc. Princeton, N.J. :
Name of publisher, distributor, etc. Princeton Univ. Press,
Date of publication, distribution, etc. 1960 [reprinted 1970].
300 ## - PHYSICAL DESCRIPTION
Pagination 562 p. ;
Size 21 cm.
504 ## - BIBLIOGRAPHY, ETC. NOTE
Bibliography, etc Includes bibliography and index.
650 #0 - SUBJECT ADDED ENTRY--TOPICAL TERM
Topical term or geographic name as entry element Science
General subdivision History.
9 (RLIN) 22635
Topical term or geographic name as entry element Science
General subdivision Philosophy.
9 (RLIN) 22636
942 ## - ADDED ENTRY ELEMENTS (KOHA)
Source of classification or shelving scheme Dewey Decimal Classification
Koha item type Books
Holdings
Lost status Source of classification or shelving scheme Damaged status Not for loan Collection code Permanent Location Current Location Shelving location Date acquired Source of acquisition Cost, normal purchase price Total Checkouts Full call number Date last seen Copy number Koha item type
  Dewey Decimal Classification   Not For Loan Non-fiction Central Library, University of Rajshahi Central Library, University of Rajshahi   28/05/1975 Gonathan & co. 6.00   509 GIE 1970 13/01/2014 C-1 Books